Ecological economics and the ecology of : Essays in criticism

In this controversial new book Herman Daly, a leading commentator on the environment, offers lively criticism of existing work on ecological economics and the economics of ecology. The theme throughout the book is about changes in perspective, attitudes and policies required to avoid uneconomic grow...

Full description

Saved in:
Bibliographic Details
Main Author: Daly, Herman E.
Format: Book
Language:Undetermined
Published: Cheltenham, UK E. Elgar 1999
Subjects:
Tags: Add Tag
No Tags, Be the first to tag this record!
Institutions: Trung tâm Học liệu Trường Đại học Cần Thơ
LEADER 00965nam a2200205Ia 4500
001 CTU_141820
008 210402s9999 xx 000 0 und d
082 |a 333.7 
082 |b D153 
100 |a Daly, Herman E. 
245 0 |a Ecological economics and the ecology of : 
245 0 |b Essays in criticism 
245 0 |c Herman E. Daly 
260 |a Cheltenham, UK 
260 |b E. Elgar 
260 |c 1999 
520 |a In this controversial new book Herman Daly, a leading commentator on the environment, offers lively criticism of existing work on ecological economics and the economics of ecology. The theme throughout the book is about changes in perspective, attitudes and policies required to avoid uneconomic growth - that is, the impoverishment that results when the environmental and social costs of growth exceed the benefits. 
650 |a Environmental economics 
904 |i Bạch trúc 
980 |a Trung tâm Học liệu Trường Đại học Cần Thơ